000 00741nam a2200217 i 4500
001 34965
003 ES-MaACL
005 20260216063016.0
007 t|
008 150217s2011 ii ||||1| spa d
020 _a978-84-95613-41-7
100 1 _aRamakrishanananda Puri,
_cSwami
_9156357
245 1 3 _aEl camino eterno
_b: una guía paso a paso para la evolución espiritual /
_cSwami Ramakrishnananda Puri.
250 _a[1ª ed.].
260 _aAmritapuri, India :
_b. Mata Amritanandamayi Mission Trust,
_c[2011]
300 _a224 p. :
_bil. ;
_c22 cm.
650 4 _aVida espiritual-
_xHinduismo
_912506
852 _aES-MaACL
_jA-13375
_9 36245
_bR.150219
_cDEPO1
_dOlim: N-6375
942 _2udc
999 _c34965
_d34965